| 000 | 00839nam a2200229 a 4500 | ||
|---|---|---|---|
| 001 | 000028343 | ||
| 003 | DO-SdBNP | ||
| 005 | 20180214094613.0 | ||
| 007 | 000028343 | ||
| 008 | 110408s 2004 dr 000 0 spa d | ||
| 040 |
_aBPMSU _bspa _cBPMSU |
||
| 245 | 0 | 0 | _aDiscurso de juramentación del Dr. Leonel Fernández como presidente de la República Dominicana 16 agosto 2004. |
| 260 |
_aSanto Domingo : _bDirección General de Información, Prensa y Publicación de la Presidencia, _c[2004]. |
||
| 300 |
_a24 p. ; _c23 cm. |
||
| 930 | 1 |
_lBND01 _mLF1 _820110408 _f01 _pCT _g20815 |
|
| 930 | 1 |
_lBND01 _mLF1 _820110408 _f01 _pCT _g20815 _he. 2 |
|
| 942 |
_2ddc _cBK |
||
| 945 | _aInventariado, 2018 /LP | ||
| 956 |
_aGREYES _b10 _c20110408 _lBND01 _h0848 |
||
| 956 |
_aVMATEO _b10 _c20110414 _lBND01 _h1306 |
||
| 956 |
_aVMATEO _b10 _c20150810 _lBPMSU _h00151 |
||
| 999 |
_c8147 _d8147 |
||